| 000 | 00680nam a22001937a 4500 | ||
|---|---|---|---|
| 003 | CEME | ||
| 005 | 20210628202019.0 | ||
| 008 | 210223b xxu||||| |||| 00| 0 eng d | ||
| 020 | _a0-471-97631-8 | ||
| 040 | _c. | ||
| 082 | _a621.3822 LYN | ||
| 100 |
_aLynn, Paul.A Fuerst, Wolfgang _957882 |
||
| 245 | _aIntroductory digital signal processing with computer applications | ||
| 250 | _a2ND | ||
| 260 |
_aNEW YORK _bJOHN WILEY _c2000 |
||
| 300 | _aXIII,479P | ||
| 650 |
_aSIGNAL PROCESSING-DIGITAL TECHNIQUES SIGNAL PROCESSING-DIGITAAL TECHIQUES-COMPUTER PROGRAMS DIGITAL SIGNAL PROCESSING WITH COMPUTER APPLICATIONS DSP WITH COMPUTER APPLICATIONS _957883 |
||
| 942 |
_cBK _2ddc |
||
| 999 |
_c568126 _d568126 |
||